Mudahnya Solat : (Record no. 166033)

MARC details
000 -LEADER
fixed length control field 00560nam a2200181 i 4500
001 - CONTROL NUMBER
control field C2-0303070
003 - CONTROL NUMBER IDENTIFIER
control field PPAK
005 - DATE AND TIME OF LATEST TRANSACTION
control field 20180729001027.0
008 - FIXED-LENGTH DATA ELEMENTS--GENERAL INFORMATION
fixed length control field 100311s2008 my |||| ||||| | may d
040 ## - CATALOGING SOURCE
Original cataloging agency PPAK
Language of cataloging eng
Transcribing agency PPAK
Description conventions rda
245 00 - TITLE STATEMENT
Title Mudahnya Solat :
Remainder of title dengan bimbingan Ustaz Wan Shohor Bani Leman
264 #1 - PRODUCTION, PUBLICATION, DISTRIBUTION, MANUFACTURE, AND COPYRIGHT NOTICE
Place of production, publication, distribution, manufacture Selangor :
Name of producer, publisher, distributor, manufacturer Ilham Network Enterprise ,
Date of production, publication, distribution, manufacture, or copyright notice 2008
336 ## - CONTENT TYPE
Source rdacontent
Content type term text
337 ## - MEDIA TYPE
Source rdamedia
Media type term unmediated
338 ## - CARRIER TYPE
Source rdacarrier
Carrier type term volume
500 ## - GENERAL NOTE
General note Disertakan dengan buku maklumat (ISBN : 983-43177-0-0)
942 ## - ADDED ENTRY ELEMENTS (KOHA)
Source of classification or shelving scheme Dewey Decimal Classification
Koha item type Video Compact Disc
Holdings
Withdrawn status Lost status Source of classification or shelving scheme Damaged status Not for loan Home library Current library Shelving location Date acquired Source of acquisition Cost, normal purchase price Full call number Barcode Date last seen Cost, replacement price Price effective from Koha item type
    Dewey Decimal Classification     Perpustakaan Awam Sungai Petani Perpustakaan Awam Sungai Petani Pinjaman Dewasa 02/05/2010 CC 25.87 297.382 MUD A00803452 05/07/2018 25.90 05/07/2018 Video Compact Disc
    Dewey Decimal Classification Pelupusan   Perpustakaan Baling Perpustakaan Baling Pinjaman Dewasa 02/05/2010 CC 25.87 297.382 MUD A00803450 05/07/2018 25.90 05/07/2018 Video Compact Disc
    Dewey Decimal Classification Pelupusan   Perpustakaan Baling Perpustakaan Baling Pinjaman Dewasa 02/05/2010 CC 25.87 297.382 MUD A00803454 05/07/2018 25.90 05/07/2018 Video Compact Disc
    Dewey Decimal Classification     Perpustakaan Kulim Perpustakaan Kulim Pinjaman Dewasa 02/05/2010 CC 25.87 297.382 MUD A00803453 05/07/2018 25.90 05/07/2018 Video Compact Disc
    Dewey Decimal Classification     Perpustakaan Merbok Perpustakaan Merbok Pinjaman Dewasa 02/05/2010 CC 25.87 297.382 MUD A00803451 05/07/2018 25.90 05/07/2018 Video Compact Disc
    Dewey Decimal Classification     Perpustakaan Merbok Perpustakaan Merbok Pinjaman Dewasa 02/05/2010 CC 25.87 297.382 MUD A00803455 05/07/2018 25.90 05/07/2018 Video Compact Disc